Statistics for Hearthstone- Legendaries by Stats

Click here to take the quiz!

General Stats

  • This quiz has been taken 10 times
    (9 since last reset)
  • The average score is 8 of 45

Answer Stats

ManaAttackHealthAnswer% Correct
101212Deathwing/Tyrantus
80%
417Baron Rivendare
60%
244Millhouse Manastorm
60%
742Acidmaw
40%
835Al'akir the Windlord
40%
811Hi'reek the Bat
40%
355King Mukla
40%
711Lynessa Sunsorrow
40%
224Nat the Darkfisher
40%
855Akali the Rhino
20%
984Anu'barak
20%
517Bolvar Fordragon/Bolvar Fireblood
20%
958Cenarius
20%
81212Deathwing, Mad Aspect
20%
849Grommash Hellscream
20%
937Hadronox
20%
427High Priest Amet
20%
1055King Phaoris
20%
628Maexxna
20%
954Mayor Noggenfogger
20%
677Mogor the Ogre
20%
488Nozdormu the Timeless
20%
311Sargeant Sally/Moroes
20%
717Shu'ma
20%
746Skycap'n Kragg
20%
1075Yogg-Saron, Hope's End
20%
313Zentimo
20%
733Azalina Soulthief
0%
978Baku the Mooneater/Arch-Villain Rafaam
0%
516Blood Queen Lana'thel
0%
724Dinotamer Brann
0%
933Dragoncaller Alanna
0%
737Eadric the Pure
0%
644Flik Skyshiv
0%
522Gral, the Shark
0%
456Harbringer Celestia
0%
855King Togwaggle
0%
875Princess Talanji
0%
848Rotface
0%
955Sathrovarr
0%
799Swamp King Dred
0%
699The Beast
0%
746Twin Emperor Vek'lor
0%
562Vol'jin
0%
312Wardruid Loti
0%

Score Distribution

Percentile by Number Answered

Percent of People with Each Score

Your Score History

You have not taken this quiz since the last reset